[Event "71st RUS-ch Higher League 2018"]
[Site "Yaroslavl"]
[Date "2018.07.02"]
[Round "6"]
[White "Goryachkina, Aleksandra"]
[Black "Sjugirov, Sanan"]
[Result "1/2-1/2"]
[WhiteElo "2505"]
[BlackElo "2663"]
[Annotator "ChessBase"]
[PlyCount "29"]
[EventDate "2018.06.26"]
[EventType "swiss"]
[EventCountry "RUS"]
[SourceTitle "playchess.com"]
[Source "ChessBase"]
[SourceQuality "1"]
[TimeControl "40/5400+30:1800+30"]

1. d4 {[%emt 0:00:00]} Nf6 {[%emt 0:00:00]} 2. c4 {[%emt 0:00:00]} g6 {[%emt 0:00:07]} 3. Nc3 {[%emt 0:00:00]} d5 {[%emt 0:00:11]} 4. cxd5 {[%emt 0:00:08]} Nxd5 {[%emt 0:00:06]} 5. Bd2 {[%emt 0:00:16]} Bg7 {[%emt 0:13:35]} 6. e4 {[%emt 0:00:31]} Nxc3 {[%emt 0:00:12]} 7. Bxc3 {[%emt 0:00:18]} O-O {[%emt 0:00:39]} 8. Qd2 {[%emt 0:02:27]} c5 {[%emt 0:00:49]} 9. d5 {[%emt 0:00:38]} Bxc3 {[%emt 0:00:23]} 10. bxc3 {[%emt 0:00:06]} Qd6 {[%emt 0:00:10]} 11. Nf3 {[%emt 0:03:38]} Bg4 {[%emt 0:09:41]} 12. Ng1 {[%emt 0:02:29]} Bc8 {[%emt 0:11:28]} 13. Nf3 {[%emt 0:00:23]} Bg4 {[%emt 0:02:12]} 14. Ng1 {[%emt 0:00:58]} Bc8 {[%emt 0:01:01]} 15. Nf3 1/2-1/2

[Event "71st RUS-ch Higher League 2018"]
[Site "Yaroslavl"]
[Date "2018.07.02"]
[Round "6"]
[White "Usmanov, Vasily"]
[Black "Volkov, Sergey"]
[Result "1/2-1/2"]
[WhiteElo "2477"]
[BlackElo "2580"]
[Annotator "ChessBase"]
[PlyCount "225"]
[EventDate "2018.06.26"]
[EventType "swiss"]
[EventCountry "RUS"]
[SourceTitle "playchess.com"]
[Source "ChessBase"]
[SourceQuality "1"]
[TimeControl "40/5400+30:1800+30"]

1. d4 {[%emt 0:00:00]} d5 {[%emt 0:00:00]} 2. c4 {[%emt 0:00:00]} c6 {[%emt 0:00:00]} 3. Nf3 {[%emt 0:00:00]} Nf6 {[%emt 0:00:00]} 4. Nbd2 {[%emt 0:00:00]} Bf5 {[%emt 0:01:37]} 5. Nh4 {[%emt 0:00:00]} Be4 {[%emt 0:01:25]} 6. e3 {[%emt 0:00:27]} e6 {[%emt 0:01:17]} 7. Be2 {[%emt 0:00:16]} Nbd7 {[%emt 0:01:01]} 8. O-O {[%emt 0:00:16]} Bd6 {[%emt 0:01:11]} 9. g3 {[%emt 0:00:20]} g5 {[%emt 0:01:00]} 10. Nhf3 {[%emt 0:00:26]} g4 {[%emt 0:03:06]} 11. Nh4 {[%emt 0:12:41]} h5 {[%emt 0:01:08]} 12. b3 {[%emt 0:08:48]} Bh7 {[%emt 0:03:39]} 13. Bb2 {[%emt 0:00:39]} Qe7 {[%emt 0:01:22]} 14. f4 {[%emt 0:01:11]} gxf3 {[%emt 0:04:21]} 15. Bxf3 {[%emt 0:01:04]} O-O-O {[%emt 0:00:40]} 16. Qe2 {[%emt 0:02:41]} e5 {[%emt 0:01:40]} 17. cxd5 {[%emt 0:01:27]} cxd5 {[%emt 0:02:17]} 18. e4 {[%emt 0:04:00]} Kb8 {[%emt 0:06:25]} 19. exd5 {[%emt 0:04:45]} e4 {[%emt 0:00:27]} 20. Bg2 {[%emt 0:05:08]} Ng4 {[%emt 0:08:03]} 21. Nf5 {[%emt 0:02:48]} Bxf5 {[%emt 0:00:19]} 22. Rxf5 {[%emt 0:00:02]} Nh6 {[%emt 0:02:39]} 23. Rxh5 {[%emt 0:02:09]} f5 {[%emt 0:02:04]} 24. Nc4 {[%emt 0:01:42]} Nf6 {[%emt 0:00:13]} 25. Rxh6 {[%emt 0:11:24]} Rxh6 {[%emt 0:00:09]} 26. Bc1 {[%emt 0:00:27]} Rh7 {[%emt 0:05:11]} 27. Nxd6 {[%emt 0:01:26]} Rxd6 {[%emt 0:00:05]} 28. Ba3 {[%emt 0:01:07]} Qd8 {[%emt 0:03:45]} 29. Bxd6+ {[%emt 0:00:06]} Qxd6 {[%emt 0:00:04]} 30. Qf2 {[%emt 0:00:31]} Rh5 {[%emt 0:01:33]} 31. Rc1 {[%emt 0:03:47]} Nxd5 {[%emt 0:01:47]} 32. Qc2 {[%emt 0:00:16]} Rh8 {[%emt 0:02:27]} 33. Qc5 {[%emt 0:01:55]} Qh6 {[%emt 0:01:33]} 34. h3 {[%emt 0:04:25]} Rd8 {[%emt 0:11:36]} 35. Kh2 {[%emt 0:02:23]} a6 {[%emt 0:01:23]} 36. Re1 {[%emt 0:03:21]} Qd2 {[%emt 0:02:17]} 37. Qc1 {[%emt 0:00:12]} Qxa2 {[%emt 0:00:47]} 38. Qg5 {[%emt 0:00:27]} Qa5 {[%emt 0:01:44]} 39. b4 {[%emt 0:00:37]} Nxb4 {[%emt 0:02:42]} 40. Rxe4 {[%emt 0:00:00]} Nc6 {[%emt 0:00:00]} 41. Rf4 {[%emt 0:05:07]} Nxd4 {[%emt 0:01:04]} 42. Qf6 {[%emt 0:00:23]} Nc6 {[%emt 0:03:18]} 43. Rxf5 {[%emt 0:01:27]} Qc7 {[%emt 0:03:20]} 44. h4 {[%emt 0:02:50]} Rd6 {[%emt 0:01:51]} 45. Qh8+ {[%emt 0:01:01]} Ka7 {[%emt 0:01:17]} 46. Rf8 {[%emt 0:01:25]} Nd8 {[%emt 0:00:37]} 47. Qe5 {[%emt 0:02:08]} Qb6 {[%emt 0:00:23]} 48. Re8 {[%emt 0:03:00]} a5 {[%emt 0:01:58]} 49. Qe1 {[%emt 0:03:29]} Nc6 {[%emt 0:04:32]} 50. h5 {[%emt 0:01:59]} a4 {[%emt 0:02:07]} 51. g4 {[%emt 0:01:15]} Qc5 {[%emt 0:06:42]} 52. Qe3 {[%emt 0:02:02]} Qxe3 {[%emt 0:09:00]} 53. Rxe3 {[%emt 0:00:23]} Nd4 {[%emt 0:00:06]} 54. g5 {[%emt 0:02:32]} Rd8 {[%emt 0:20:01]} 55. h6 {[%emt 0:03:39]} Rh8 {[%emt 0:01:48]} 56. Bh3 {[%emt 0:06:25]} b5 {[%emt 0:00:08]} 57. Kg2 {[%emt 0:08:04]} Kb6 {[%emt 0:01:04]} 58. Rg3 {[%emt 0:04:25]} Nc6 {[%emt 0:00:55]} 59. Bf5 {[%emt 0:00:26]} Ne7 {[%emt 0:01:02]} 60. Bb1 {[%emt 0:00:10]} b4 {[%emt 0:00:30]} 61. h7 {[%emt 0:01:12]} a3 {[%emt 0:03:48]} 62. g6 {[%emt 0:02:59]} Kc5 {[%emt 0:00:29]} 63. Rg5+ {[%emt 0:00:13]} Kb6 {[%emt 0:01:29]} 64. Ba2 {[%emt 0:02:19]} Kc7 {[%emt 0:00:36]} 65. Bf7 {[%emt 0:02:40]} a2 {[%emt 0:00:42]} 66. Ra5 {[%emt 0:00:52]} b3 {[%emt 0:00:02]} 67. Bxb3 {[%emt 0:01:21]} Nxg6 {[%emt 0:00:04]} 68. Rxa2 {[%emt 0:00:21]} Nf8 {[%emt 0:00:19]} 69. Bg8 {[%emt 0:00:58]} Nxh7 {[%emt 0:00:07]} 70. Bxh7 {[%emt 0:00:02]} Kd6 {[%emt 0:00:14]} 71. Bf5 {[%emt 0:00:10]} Ke5 {[%emt 0:00:16]} 72. Bg4 {[%emt 0:00:15]} Rg8 {[%emt 0:00:18]} 73. Kf3 {[%emt 0:00:02]} Rf8+ {[%emt 0:00:06]} 74. Ke3 {[%emt 0:00:01]} Rf1 {[%emt 0:00:12]} 75. Ra5+ {[%emt 0:00:04]} Kd6 {[%emt 0:00:08]} 76. Bf5 {[%emt 0:00:14]} Re1+ {[%emt 0:00:06]} 77. Kd4 {[%emt 0:00:03]} Rd1+ {[%emt 0:00:05]} 78. Bd3 {[%emt 0:00:02]} Rd2 {[%emt 0:00:28]} 79. Ra6+ {[%emt 0:00:06]} Kd7 {[%emt 0:00:09]} 80. Kc4 {[%emt 0:00:44]} Ke7 {[%emt 0:00:04]} 81. Be4 {[%emt 0:00:04]} Rd6 {[%emt 0:00:06]} 82. Ra1 {[%emt 0:00:37]} Rd2 {[%emt 0:00:14]} 83. Kc5 {[%emt 0:00:15]} Ke6 {[%emt 0:00:38]} 84. Re1 {[%emt 0:00:02]} Kf6 {[%emt 0:00:17]} 85. Re3 {[%emt 0:00:39]} Rd1 {[%emt 0:00:22]} 86. Bd3 {[%emt 0:00:09]} Ra1 {[%emt 0:00:24]} 87. Kd4 {[%emt 0:00:59]} Rd1 {[%emt 0:00:29]} 88. Kd5 {[%emt 0:00:11]} Rd2 {[%emt 0:00:14]} 89. Rf3+ {[%emt 0:00:08]} Ke7 {[%emt 0:00:13]} 90. Ke5 {[%emt 0:00:07]} Rd1 {[%emt 0:00:17]} 91. Rh3 {[%emt 0:00:15]} Re1+ {[%emt 0:00:04]} 92. Be4 {[%emt 0:00:02]} Re2 {[%emt 0:00:09]} 93. Rh7+ {[%emt 0:00:01]} Ke8 {[%emt 0:00:08]} 94. Kf5 {[%emt 0:00:26]} Kd8 {[%emt 0:00:04]} 95. Ke5 {[%emt 0:01:37]} Ke8 {[%emt 0:00:08]} 96. Kd5 {[%emt 0:00:01]} Kf8 {[%emt 0:00:08]} 97. Bf5 {[%emt 0:00:02]} Re7 {[%emt 0:00:08]} 98. Rh3 {[%emt 0:00:39]} Re1 {[%emt 0:00:51]} 99. Be6 {[%emt 0:00:24]} Ke7 {[%emt 0:00:21]} 100. Rh7+ {[%emt 0:00:14]} Kf6 {[%emt 0:00:17]} 101. Rf7+ {[%emt 0:00:05]} Kg5 {[%emt 0:01:06]} 102. Bf5 {[%emt 0:00:27]} Ra1 {[%emt 0:00:45]} 103. Be4 {[%emt 0:00:13]} Ra5+ {[%emt 0:00:23]} 104. Kd4 {[%emt 0:00:06]} Ra4+ {[%emt 0:00:09]} 105. Ke5 {[%emt 0:00:01]} Ra5+ {[%emt 0:00:10]} 106. Bd5 {[%emt 0:00:03]} Rb5 {[%emt 0:00:08]} 107. Rg7+ {[%emt 0:00:02]} Kh5 {[%emt 0:00:13]} 108. Rg1 {[%emt 0:00:45]} Ra5 {[%emt 0:00:07]} 109. Ke4 {[%emt 0:00:03]} Kh6 {[%emt 0:00:09]} 110. Be6 {[%emt 0:00:01]} Rg5 {[%emt 0:00:08]} 111. Rh1+ {[%emt 0:00:03]} Rh5 {[%emt 0:00:53]} 112. Bh3 {[%emt 0:01:05]} Kg7 {[%emt 0:00:28]} 113. Bg2 {[%emt 0:00:22]} 1/2-1/2

[Event "71st RUS-ch Higher League 2018"]
[Site "Yaroslavl"]
[Date "2018.07.02"]
[Round "6"]
[White "Sek, Konstantin"]
[Black "Rodin, Dmitrij"]
[Result "1/2-1/2"]
[WhiteElo "2476"]
[BlackElo "2402"]
[Annotator "ChessBase"]
[PlyCount "82"]
[EventDate "2018.06.26"]
[EventType "swiss"]
[EventCountry "RUS"]
[SourceTitle "playchess.com"]
[Source "ChessBase"]
[SourceQuality "1"]
[TimeControl "40/5400+30:1800+30"]

1. e4 {[%emt 0:00:00]} c5 {[%emt 0:00:00]} 2. Nf3 {[%emt 0:00:08]} e6 {[%emt 0:00:00]} 3. d4 {[%emt 0:00:08]} cxd4 {[%emt 0:00:00]} 4. Nxd4 {[%emt 0:00:03]} a6 {[%emt 0:00:00]} 5. Nc3 {[%emt 0:00:24]} Qc7 {[%emt 0:00:36]} 6. Bd3 {[%emt 0:00:14]} Nf6 {[%emt 0:13:37]} 7. Qe2 {[%emt 0:00:37]} d6 {[%emt 0:00:18]} 8. f4 {[%emt 0:00:11]} Nbd7 {[%emt 0:00:36]} 9. Bd2 {[%emt 0:01:58]} Be7 {[%emt 0:01:43]} 10. g4 {[%emt 0:02:46]} Nc5 {[%emt 0:04:34]} 11. g5 {[%emt 0:00:44]} Nfd7 {[%emt 0:00:06]} 12. O-O {[%emt 0:06:14]} g6 {[%emt 0:16:54]} 13. f5 {[%emt 0:13:44]} Ne5 {[%emt 0:02:08]} 14. fxe6 {[%emt 0:05:57]} fxe6 {[%emt 0:01:37]} 15. Nf3 {[%emt 0:09:15]} O-O {[%emt 0:08:12]} 16. Nxe5 {[%emt 0:00:13]} dxe5 {[%emt 0:00:23]} 17. Rxf8+ {[%emt 0:02:26]} Bxf8 {[%emt 0:00:02]} 18. Rf1 {[%emt 0:00:43]} Nxd3 {[%emt 0:03:52]} 19. Qxd3 {[%emt 0:02:50]} Bd7 {[%emt 0:00:35]} 20. Be3 {[%emt 0:04:33]} Be8 {[%emt 0:02:51]} 21. Qe2 {[%emt 0:10:13]} Be7 {[%emt 0:08:27]} 22. Qg4 {[%emt 0:02:23]} Bd7 {[%emt 0:02:08]} 23. Rd1 {[%emt 0:07:54]} Rf8 {[%emt 0:05:02]} 24. Rd3 {[%emt 0:03:32]} b5 {[%emt 0:04:15]} 25. Nd1 {[%emt 0:02:00]} b4 {[%emt 0:08:19]} 26. Nf2 {[%emt 0:00:33]} Bc8 {[%emt 0:01:18]} 27. Rd2 {[%emt 0:02:43]} a5 {[%emt 0:05:38]} 28. Qe2 {[%emt 0:00:37]} Qc6 {[%emt 0:00:22]} 29. h3 {[%emt 0:11:46]} a4 {[%emt 0:00:42]} 30. Qg4 {[%emt 0:02:47]} a3 {[%emt 0:01:40]} 31. bxa3 {[%emt 0:01:45]} bxa3 {[%emt 0:00:49]} 32. Qg3 {[%emt 0:00:11]} Qc3 {[%emt 0:04:58]} 33. Ng4 {[%emt 0:00:37]} Bxg5 {[%emt 0:01:55]} 34. Rd3 {[%emt 0:01:47]} Bxe3+ {[%emt 0:00:17]} 35. Rxe3 {[%emt 0:01:25]} Qxc2 {[%emt 0:01:21]} 36. Qxe5 {[%emt 0:00:41]} Qd1+ {[%emt 0:00:13]} 37. Kg2 {[%emt 0:00:06]} Qd2+ {[%emt 0:00:05]} 38. Kg3 {[%emt 0:00:18]} h5 {[%emt 0:01:18]} 39. Qg5 {[%emt 0:00:24]} hxg4 {[%emt 0:01:20]} 40. Qxg6+ {[%emt 0:00:00]} Kh8 {[%emt 0:00:00]} 41. Qh6+ {[%emt 0:00:26]} Kg8 {[%emt 0:00:07]} 1/2-1/2

[Event "71st RUS-ch Higher League 2018"]
[Site "Yaroslavl"]
[Date "2018.07.02"]
[Round "6"]
[White "Fakhrutdinov, Timur"]
[Black "Moiseenko, Vadim"]
[Result "1-0"]
[WhiteElo "2460"]
[BlackElo "2517"]
[Annotator "ChessBase"]
[PlyCount "177"]
[EventDate "2018.06.26"]
[EventType "swiss"]
[EventCountry "RUS"]
[SourceTitle "playchess.com"]
[Source "ChessBase"]
[SourceQuality "1"]
[TimeControl "40/5400+30:1800+30"]

1. e4 {[%emt 0:00:00]} e5 {[%emt 0:01:25]} 2. Nf3 {[%emt 0:00:00]} Nc6 {[%emt 0:00:03]} 3. Bc4 {[%emt 0:00:00]} Nf6 {[%emt 0:00:05]} 4. Ng5 {[%emt 0:00:14]} d5 {[%emt 0:00:04]} 5. exd5 {[%emt 0:00:06]} Na5 {[%emt 0:00:02]} 6. Bb5+ {[%emt 0:00:18]} c6 {[%emt 0:00:04]} 7. dxc6 {[%emt 0:00:05]} bxc6 {[%emt 0:00:04]} 8. Bd3 {[%emt 0:00:14]} Ng4 {[%emt 0:01:08]} 9. Ne4 {[%emt 0:02:30]} f5 {[%emt 0:00:06]} 10. Be2 {[%emt 0:00:41]} h5 {[%emt 0:00:05]} 11. h3 {[%emt 0:01:14]} fxe4 {[%emt 0:00:04]} 12. hxg4 {[%emt 0:00:11]} Bc5 {[%emt 0:00:04]} 13. b4 {[%emt 0:02:09]} Bxb4 {[%emt 0:07:17]} 14. c3 {[%emt 0:41:20]} Bc5 {[%emt 0:00:13]} 15. Ba3 {[%emt 0:01:28]} Qb6 {[%emt 0:04:23]} 16. Bxc5 {[%emt 0:01:43]} Qxc5 {[%emt 0:00:05]} 17. gxh5 {[%emt 0:01:32]} O-O {[%emt 0:02:57]} 18. O-O {[%emt 0:01:00]} Bf5 {[%emt 0:00:29]} 19. Qa4 {[%emt 0:08:24]} Rab8 {[%emt 0:02:18]} 20. Na3 {[%emt 0:08:04]} Rb2 {[%emt 0:00:54]} 21. Nc4 {[%emt 0:04:12]} Nxc4 {[%emt 0:01:16]} 22. Qxc4+ {[%emt 0:00:26]} Qxc4 {[%emt 0:03:30]} 23. Bxc4+ {[%emt 0:00:14]} Kh7 {[%emt 0:00:03]} 24. f3 {[%emt 0:13:38]} Rd8 {[%emt 0:00:10]} 25. fxe4 {[%emt 0:02:39]} Bxe4 {[%emt 0:00:04]} 26. Rfe1 {[%emt 0:00:56]} Bd5 {[%emt 0:05:32]} 27. Bf1 {[%emt 0:03:28]} Bxa2 {[%emt 0:01:56]} 28. d3 {[%emt 0:00:47]} Rd5 {[%emt 0:03:27]} 29. Re2 {[%emt 0:01:07]} Rxe2 {[%emt 0:00:21]} 30. Bxe2 {[%emt 0:00:05]} Ra5 {[%emt 0:00:51]} 31. d4 {[%emt 0:01:18]} exd4 {[%emt 0:00:15]} 32. cxd4 {[%emt 0:00:37]} Ra4 {[%emt 0:00:05]} 33. Bd1 {[%emt 0:01:37]} Ra3 {[%emt 0:00:14]} 34. Bc2+ {[%emt 0:01:24]} Kh6 {[%emt 0:00:04]} 35. Bb1 {[%emt 0:00:23]} Bxb1 {[%emt 0:01:30]} 36. Rxa3 {[%emt 0:00:05]} Kxh5 {[%emt 0:00:08]} 37. Rxa7 {[%emt 0:00:21]} g6 {[%emt 0:02:28]} 38. Kf2 {[%emt 0:02:50]} Be4 {[%emt 0:00:46]} 39. Kg3 {[%emt 0:00:41]} g5 {[%emt 0:02:46]} 40. Re7 {[%emt 0:00:00]} Bd5 {[%emt 0:00:00]} 41. Re5 {[%emt 0:03:34]} Bb3 {[%emt 0:00:34]} 42. Kh3 {[%emt 0:04:00]} Bd5 {[%emt 0:01:36]} 43. g4+ {[%emt 0:10:54]} Kg6 {[%emt 0:00:04]} 44. Kg3 {[%emt 0:00:05]} Kf6 {[%emt 0:00:18]} 45. Rf5+ {[%emt 0:02:09]} Kg6 {[%emt 0:00:06]} 46. Rf8 {[%emt 0:00:32]} Kg7 {[%emt 0:01:40]} 47. Rd8 {[%emt 0:06:27]} Kf7 {[%emt 0:00:07]} 48. Rd6 {[%emt 0:00:17]} Be4 {[%emt 0:00:02]} 49. Kf2 {[%emt 0:00:55]} Ke7 {[%emt 0:00:08]} 50. Rh6 {[%emt 0:00:09]} Kf7 {[%emt 0:00:03]} 51. Ke3 {[%emt 0:00:29]} Bd5 {[%emt 0:00:04]} 52. Rd6 {[%emt 0:04:48]} Bg2 {[%emt 0:00:06]} 53. Ke2 {[%emt 0:01:17]} Be4 {[%emt 0:00:12]} 54. Rh6 {[%emt 0:01:14]} Bd5 {[%emt 0:00:21]} 55. Ke3 {[%emt 0:00:30]} Bg2 {[%emt 0:00:16]} 56. Rh2 {[%emt 0:00:56]} Bd5 {[%emt 0:00:03]} 57. Kd3 {[%emt 0:00:43]} Kg7 {[%emt 0:00:52]} 58. Rb2 {[%emt 0:01:19]} Bf3 {[%emt 0:00:31]} 59. Ke3 {[%emt 0:00:20]} Bd5 {[%emt 0:00:06]} 60. Rc2 {[%emt 0:00:39]} Kg6 {[%emt 0:00:32]} 61. Rc5 {[%emt 0:00:15]} Bg2 {[%emt 0:00:04]} 62. Re5 {[%emt 0:00:42]} Kf6 {[%emt 0:00:41]} 63. Rf5+ {[%emt 0:00:34]} Kg6 {[%emt 0:00:04]} 64. Rf8 {[%emt 0:00:27]} Bd5 {[%emt 0:00:52]} 65. Rd8 {[%emt 0:00:11]} Bg2 {[%emt 0:00:04]} 66. Rd7 {[%emt 0:00:57]} Kf6 {[%emt 0:00:16]} 67. Rd6+ {[%emt 0:00:29]} Kf7 {[%emt 0:00:05]} 68. Rh6 {[%emt 0:00:21]} Kg7 {[%emt 0:00:18]} 69. Rh2 {[%emt 0:00:26]} Bd5 {[%emt 0:00:05]} 70. Rf2 {[%emt 0:00:25]} Kg6 {[%emt 0:00:07]} 71. Kd3 {[%emt 0:00:21]} Be6 {[%emt 0:00:07]} 72. Rg2 {[%emt 0:00:12]} Bd5 {[%emt 0:00:12]} 73. Rg1 {[%emt 0:00:49]} Kf6 {[%emt 0:01:33]} 74. Rf1+ {[%emt 0:00:09]} Kg6 {[%emt 0:00:03]} 75. Kc3 {[%emt 0:00:08]} Bg2 {[%emt 0:01:20]} 76. Rg1 {[%emt 0:00:10]} Bf3 {[%emt 0:00:15]} 77. Kb4 {[%emt 0:00:10]} Kg7 {[%emt 0:00:14]} 78. Kc5 {[%emt 0:00:26]} Kg6 {[%emt 0:00:32]} 79. Kd6 {[%emt 0:00:08]} Bd5 {[%emt 0:01:03]} 80. Ke5 {[%emt 0:01:34]} Bf3 {[%emt 0:00:32]} 81. Rg3 {[%emt 0:00:53]} Bd5 {[%emt 0:00:11]} 82. Rc3 {[%emt 0:00:27]} Bg2 {[%emt 0:00:05]} 83. Kd6 {[%emt 0:00:55]} Kf6 {[%emt 0:00:27]} 84. Rxc6 {[%emt 0:00:55]} Bf3 {[%emt 0:00:04]} 85. Kc7+ {[%emt 0:00:33]} Kf7 {[%emt 0:00:05]} 86. Rc1 {[%emt 0:00:21]} Ke6 {[%emt 0:00:07]} 87. Rc5 {[%emt 0:00:22]} Bxg4 {[%emt 0:00:25]} 88. Rxg5 {[%emt 0:00:05]} Bf3 {[%emt 0:00:02]} 89. Re5+ {[%emt 0:00:11] Kd5} 1-0

[Event "71st RUS-ch Higher League 2018"]
[Site "Yaroslavl"]
[Date "2018.07.02"]
[Round "6"]
[White "Gaifullin, Artur"]
[Black "Khismatullin, Denis"]
[Result "0-1"]
[WhiteElo "2448"]
[BlackElo "2627"]
[Annotator "TA"]
[PlyCount "76"]
[EventDate "2018.06.26"]
[EventType "swiss"]
[EventCountry "RUS"]
[SourceTitle "playchess.com"]
[Source "ChessBase"]
[SourceQuality "1"]

{[%evp 11,76,13,17,23,45,39,41,34,39,20,32,12,13,-6,-6,-6,-8,-9,-6,-23,-23,-63,-70,-69,-56,-82,-90,-108,-89,-104,-102,-116,-122,-118,-129,-145,-151,-150,-137,-169,-185,-158,-95,-69,-69,-69,-68,-61,-67,-113,171,139,144,120,130,0,197,114,103,-1897,-1950,-2358,-2352,-29990,-29991,-29991,-29992]} 1. e4 c5 2. Nf3 a6 3. d4 cxd4 4. Nxd4 Nf6 5. Bd3 e5 6. Nb3 d5 7. exd5 {B28: Sicilian: 2 Nf3 a6 (O'Kelly Variation)} Qxd5 (7... e4 8. Qe2 Qxd5 9. f3 Bb4+ 10. Bd2 Nc6 11. Nc3 Qe5 12. fxe4 O-O 13. O-O Bg4 14. Qf2 Be6 {1-0 (39) Aaron,D (2321)-Diano,E (2147) Philadelphia 2017}) 8. O-O Be6 9. Nc3 {White is slightly better.} Qc6 10. Qe2 Nbd7 11. f4 (11. Ne4 {is more complex.} Nxe4 12. Bxe4 Qc7 13. Bd2 Rc8 14. Bc3) 11... Bd6 12. Kh1 $146 ({Predecessor:} 12. f5 Bxb3 13. axb3 O-O 14. Bg5 Rfe8 {0-1 (33) Whitten,J-Leite,G (2045) Atlanta 2016}) 12... O-O 13. f5 Bd5 14. Nxd5 Qxd5 15. c4 Qc6 $36 {[%mdl 2048] White is under pressure.} 16. Be3 e4 {[%cal Be5e4,Be4e3][%mdl 32]} 17. Bc2 Rac8 18. Nd2 Rfe8 19. Rac1 h6 20. Bb1 Bc5 21. Bf4 e3 22. Nb3 Bd6 23. Rc3 Bxf4 24. Rxf4 Qc7 25. g3 Nb6 26. Nd4 {[#]} Nxc4 ({Better is} 26... Na4 $1 {[%cal Ra4c3]} 27. Rc1 Qb6) 27. b3 $17 {[%cal Rc3c4]} b5 28. bxc4 Nd5 $1 {[%cal Rd5c3]} 29. cxd5 Qxc3 30. Nc6 {[#]} Qd2 $2 {[%mdl 8192]} (30... Rxc6 $1 $17 31. dxc6 Rd8) 31. Bd3 $18 Rc7 32. f6 g6 33. Rd4 (33. Kg2 $16) 33... Rd7 $2 (33... Qc3 $1 $11 34. Rf4 Qc5 35. Ne7+ Rcxe7 36. fxe7 Rxe7) 34. Ne7+ ({White should try} 34. Bxb5 $1 $18 Qc3 35. Ne7+ (35. Bxa6 Rd6 $16) 35... Rdxe7 36. fxe7 Qxd4 37. Bxe8 Qxd5+ 38. Kg1) 34... Kf8 $16 35. Bxb5 $2 {[%mdl 8192]} (35. Qg4 $16 Rc7 36. Bf1) 35... Qxd4 $19 36. Bxd7 Rb8 37. Qc2 Qa1+ 38. Kg2 Rb2 {Precision: White = 28%, Black = 76%.} 0-1

[Event "71st RUS-ch Higher League 2018"]
[Site "Yaroslavl"]
[Date "2018.07.02"]
[Round "6"]
[White "Vastrukhin, Oleg"]
[Black "Okrugin, Sergey"]
[Result "1-0"]
[WhiteElo "2420"]
[BlackElo "2334"]
[Annotator "TA"]
[PlyCount "75"]
[EventDate "2018.06.26"]
[EventType "swiss"]
[EventCountry "RUS"]
[SourceTitle "playchess.com"]
[Source "ChessBase"]
[SourceQuality "1"]

{[%evp 12,75,38,0,55,49,59,52,64,23,23,14,15,19,21,19,31,28,40,33,53,50,69,49,83,83,83,83,83,83,83,83,83,83,83,83,83,39,37,0,210,200,185,162,252,277,262,245,245,227,203,131,708,699,1116,1091,716,652,573,556,814,759,2439,2375,2596,2231]} 1. g3 Nf6 2. Bg2 d5 3. Nf3 c6 4. O-O Bg4 5. Ne5 Bf5 6. d4 e6 7. c4 {LiveBook: 41 Partien. D02: Damenbauernspiele} Be4 $146 ({Besser ist} 7... Nbd7 $11) ({Vorgänger:} 7... Be7 8. Nc3 Nbd7 9. Qb3 Qb6 10. Nxd7 Nxd7 11. e4 dxe4 12. Nxe4 O-O 13. Be3 Rfd8 14. h3 Nf6 15. Nc5 Bxc5 16. dxc5 Qc7 {1-0 (67) Mozharov,M (2555)-Belov,V (2628) Moscow 2014}) 8. f3 $14 Bxb1 9. Rxb1 {Weiß steht etwas besser.} Nbd7 10. Qb3 Qb6 11. Nxd7 Nxd7 12. Rd1 Qxb3 13. axb3 Nb6 14. c5 $36 {[%mdl 2048] Weiss steht aktiver.} Nd7 15. b4 g6 16. e4 {[%cal Be2e4,Be4e5][%mdl 32]} Bg7 17. Kf2 f5 {[#]} 18. e5 $1 h5 19. Bf1 a6 20. Ra1 Rb8 21. Be2 Bh6 22. f4 Ke7 23. Bd2 Rbg8 24. Bxa6 bxa6 25. Rxa6 g5 $2 (25... Ra8 $1 $11 26. Rxc6 Rhb8) 26. Rxc6 gxf4 27. gxf4 Rg4 (27... Rg7 $142) 28. h3 $18 Rg7 29. Rg1 Rxg1 30. Kxg1 Rb8 31. Ra6 Bxf4 $2 {[%mdl 8192]} (31... Rb5 $16) 32. Bxf4 {Weiß steht klar auf Gewinn.} Rxb4 $16 {[%mdl 4096] Endspiel KTL-KTS} 33. Bg5+ Kf7 34. Ra7 {[#] Droht c6 und aus.} Kg6 35. h4 ({Lieber nicht} 35. Rxd7 Kxg5 36. Re7 Rxd4 $11) 35... Nb8 36. Re7 Rxd4 37. Rxe6+ Kg7 38. Rb6 {Precision: Weiß = 79%, Schwarz = 41%.} 1-0

[Event "71st RUS-ch Higher League 2018"]
[Site "Yaroslavl"]
[Date "2018.07.02"]
[Round "6"]
[White "Bykov, Egor"]
[Black "Vavulin, Maksim"]
[Result "0-1"]
[WhiteElo "2373"]
[BlackElo "2552"]
[Annotator "TA"]
[PlyCount "86"]
[EventDate "2018.06.26"]
[EventType "swiss"]
[EventCountry "RUS"]
[SourceTitle "playchess.com"]
[Source "ChessBase"]
[SourceQuality "1"]

{[%evp 10,86,59,52,66,66,75,63,76,56,105,86,103,90,123,15,19,0,0,0,0,0,0,0,3,-36,237,227,213,71,202,176,269,190,190,177,257,256,429,0,0,0,0,-14,-4,-6,-6,-6,-6,-6,-6,-5,-12,-116,-129,-372,-463,-456,-438,-461,-437,-461,-451,-420,-375,-660,-648,-509,-447,-631,-602,-548,-508,-457,-402,-916,-879,-1445,-1475]} 1. d4 {[%cal Bd2d4,Bd4d5][%mdl 32]} g6 2. c4 Bg7 3. Nc3 Nc6 4. d5 Nb8 {[%cal Bc6b8,Bb8d7,Bd7e5][%mdl 32]} 5. e4 d6 6. Bd3 e6 {A42: Modern Defence: Averbakh Variation} 7. Nf3 $146 {[%cal Bg1f3,Bf3d4,Bd4b5][%mdl 32]} ({Predecessor:} 7. h3 Ne7 8. Nge2 c6 9. Be3 Nd7 10. dxc6 bxc6 11. Bc2 Qc7 12. O-O O-O 13. Qd2 Ba6 14. Rfd1 {1-0 (31) Maljutin,E (2465)-Sokolovs,A (2435) Moscow 1992}) 7... Ne7 8. O-O Nd7 {White is slightly better.} 9. Be3 h6 10. Nd4 c5 11. Ndb5 Ne5 12. Be2 (12. dxe6 $1 $16 {aiming for f4.} Bxe6 13. Be2) 12... a6 $11 13. f4 $36 {[%mdl 2048] White has some pressure.} axb5 14. Nxb5 exd5 15. fxe5 Bxe5 16. cxd5 g5 17. Bh5 Ng6 $2 {[%mdl 8192]} (17... O-O $15 {stays ahead.}) 18. Bxg6 $1 $18 fxg6 19. a4 (19. Qf3 $6 Qd7 $14) (19. Bxc5 $1 $18 dxc5 20. d6 Bd4+ 21. Kh1 (21. Nxd4 Qxd6 22. Nb5 Qxd1 $14)) 19... b6 (19... Rf8 $16) 20. Bd2 {And now Bc3 would win.} (20. Qf3 $6 Qe7 $16) 20... Bxb2 (20... Ba6 {was necessary.}) 21. Qf3 {[%csl Gf1][%cal Rf3f7]} Qe7 22. e5 Bxe5 (22... Bxa1 $142 23. Rxa1 (23. Nxd6+ Kd7 $17) 23... g4) 23. Rae1 $1 Bf5 $2 {[#]} ({Weaker is} 23... Rxa4 24. Nxd6+ Qxd6 25. Bc3 $14) (23... Bb7 {keeps fighting.}) 24. g4 $2 (24. Rxe5 $1 $18 {[%mdl 512]} dxe5 25. d6) 24... O-O {Threatens to win with ...Bc2.} 25. gxf5 {Black must now prevent Qh3.} Rxa4 26. Qh3 Rh4 27. f6 $1 {[%cal Rf6e7]} Rxf6 (27... Rxh3 $2 {loses.} 28. fxe7 Re8 29. Rxe5 $1 $18 {[%mdl 512]}) 28. Qc8+ Qf8 29. Qxf8+ Rxf8 30. Rxf8+ Kxf8 31. Re2 {[#]} (31. Bc3 $11) 31... Rh3 $1 $17 32. Re3 $2 (32. Be1 $17 {was worth a try.}) 32... Bxh2+ $19 33. Kg2 Rxe3 34. Bxe3 Be5 35. Kf3 Ke7 36. Ke4 Kf6 37. Na3 $2 (37. Nc7) 37... Bh2 38. Bd2 h5 {[%cal Bh6h5,Bh5h4][%mdl 32]} 39. Bc3+ Kf7 40. Be1 Bf4 41. Nb5 Kf6 42. Nc3 (42. Na3 $142) 42... Be5 43. Nb5 h4 {Precision: White = 35%, Black = 57%.} 0-1